Statistics for Beyoncé songs

Click here to take the quiz!

General Stats

  • This quiz has been taken 2,055 times
  • The average score is 15 of 48

Answer Stats

Album Answers % Correct
Dangerously in LoveCrazy in Love
85%
I Am... Sasha FierceSingle Ladies (Put a Ring on It)
78%
I Am... Sasha FierceHalo
71%
I Am... Sasha FierceIf I Were a Boy
62%
B'DayIrreplaceable
59%
42Love on Top
54%
42Run the World (Girls)
54%
I Am... Sasha FierceDiva
49%
42Countdown
48%
Dangerously in LoveBaby Boy
48%
B'DayDéjà Vu
47%
421+1
43%
I Am... Sasha FierceSweet Dreams
41%
42Best Thing I Never Had
41%
Dangerously in LoveNaughty Girl
39%
I Am... Sasha FierceVideo Phone
35%
42Party
34%
42End of Time
33%
B'DayGreen Light
31%
B'DayGet Me Bodied
31%
42I Was Here
30%
Dangerously in LoveMe, Myself and I
30%
B'DayRing the Alarm
30%
I Am... Sasha FierceBroken-Hearted Girl
29%
B'DayUpgrade U
29%
B'DayFreakum Dress
28%
42I Care
28%
I Am... Sasha FierceAve Maria
25%
I Am... Sasha FierceRadio
24%
B'DayKitty Kat
24%
42I Miss You
23%
Dangerously in LoveSigns
18%
B'DayResentment
18%
42Start Over
18%
Dangerously in LoveYes
17%
Dangerously in LoveDaddy
16%
B'DaySuga Mama
16%
42Rather Die Young
15%
Dangerously in LoveHip Hop Star
14%
Dangerously in LoveSpeechless
14%
I Am... Sasha FierceDisappear
13%
Dangerously in LoveDangerously in Love 2
13%
I Am... Sasha FierceSatellites
13%
Dangerously in LoveBe with You
11%
Dangerously in LoveGift from Virgo
11%
Dangerously in LoveThat's How You Like It
11%
Dangerously in LoveThe Closer I Get to You
9%
Dangerously in LoveBeyoncé Interlude
7%

Score Distribution

Percentile by Number Answered

Percent of People with Each Score

Your Score History

You have not taken this quiz